Quiz sulla mappa dell'Africa occidentale - Statistics

Statistiche generali
  • Questo quiz è stato fatto 109 volte
  • Il punteggio medio è 12 su 16
Risposte nella Mappa
Le risposte nella mappa del quiz sottostante sono codificate secondo una scala di colori dal rosso al verde in base alla % di persone che hanno risposto correttamente.
 
Statistiche sulle risposte
Risposta % Corretto
Mali
87%
Nigeria
86%
Cabo Verde
84%
Mauritania
84%
Niger
84%
Côte d'Ivoire
76%
Senegal
76%
Togo
76%
Burkina Faso
74%
Gambia
73%
Ghana
71%
Liberia
67%
Guinea-Bissau
63%
Benin
61%
Sierra Leone
61%
Guinea
59%
Nessun quiz corrispondente trovato
Distribuzione punteggi
Percentuale di utenti per punteggio
Percentile per numero di risposta
I tuoi punteggi nel tempo
Non hai fatto questo quiz